000
00296nam a2200133Ia 4500
100
_a
Thomas/G.B.
942
_c
BK
654
_a
Calculus
245
_a
Calculus & analytic Geometry
260
_b
Addison Wesly Pub.Co.
_a
Reading
_c
1966
082
_a
515
_b
Tho
300
_a
1010
546
_a
ENGLISH
999
_c
22502
_d
22502